Т. 34 (XXXIV); Гидрохимические материалы

Bibliografiske detaljer
Parent link:Гидрохимические материалы: [сборник]/ Академия наук СССР (АН СССР), Гидрохимический институт. Т. 34 (XXXIV).— , 1915-1992
Andre forfattere: Алекин О. А. (редактор)
Sprog:russisk
Udgivet: Москва, Изд-во АН СССР, 1961
Fag:
Format: MixedMaterials Bog
KOHA link:https://koha.lib.tpu.ru/cgi-bin/koha/opac-detail.pl?biblionumber=325824

MARC

LEADER 00000nam2a2200000 4500
001 325824
005 20231102003811.0
035 |a (RuTPU)RU\TPU\book\351440 
035 |a RU\TPU\book\351439 
090 |a 325824 
100 |a 20161213d1961 k y0rusy50 ca 
101 0 |a rus 
102 |a RU 
105 |a a z 001zy 
200 0 |a Т. 34 (XXXIV)  |f отв. ред. О. А. Алекин 
210 |a Москва  |c Изд-во АН СССР  |d 1961 
215 |a 168 с.  |c ил. 
320 |a Библиогр. в конце ст. 
461 1 |0 (RuTPU)RU\TPU\book\210718  |t Гидрохимические материалы  |o [сборник]  |f Академия наук СССР (АН СССР), Гидрохимический институт  |v Т. 34 (XXXIV)  |d 1915-1992 
606 1 |a Гидрохимические материалы  |2 stltpush  |3 (RuTPU)RU\TPU\subj\7087  |9 34818 
610 1 |a водные растворы 
610 1 |a водохранилища 
610 1 |a Антарктида 
610 1 |a гидрохимический режим 
610 1 |a снег 
610 1 |a химический состав 
610 1 |a реки 
610 1 |a ионные стоки 
610 1 |a Волга 
610 1 |a Волгоград 
610 1 |a Азовское море 
610 1 |a Дон 
610 1 |a Кавказ 
610 1 |a минеральные воды 
610 1 |a спектрохимический анализ 
675 |a 556.114  |v 3 
702 1 |a Алекин  |b О. А.  |4 340 
801 1 |a RU  |b 63413507  |c 20080702  |g PSBO 
801 2 |a RU  |b 63413507  |c 20170120  |g PSBO 
942 |c BK